000
00324 a2200109 4500
001
ART_50949
005
20260410161608.0
008
260409a
245
1
0
_a
Los bitcoins en primera persona
100
1
_a
Oubiña, Gabriel H.
773
0
_t
Profesional & Empresaria
_g
- Año XXI, Nº 246 (mar. 2020)
_w
REV70
999
_c
10323
_d
10323